|
|
|
|
| LEADER |
01327nam a2200361 i 4500 |
| 001 |
28209 |
| 003 |
BD-DhAAL |
| 005 |
20190523140034.0 |
| 008 |
140717s1976 maua b 000 0 eng |
| 999 |
|
|
|c 32862
|d 32862
|
| 010 |
|
|
|a 75033128
|
| 020 |
|
|
|a 0262700204 (paper)
|
| 020 |
|
|
|a 0262200333 (hard)
|
| 020 |
|
|
|a 9780262200332 (hard)
|
| 020 |
|
|
|a 9780262700207 (paper)
|
| 040 |
|
|
|a DLC
|c DLC
|d DLC
|d BD-DhAAL
|
| 041 |
1 |
|
|a engita
|
| 050 |
0 |
0 |
|a NA2543.S6
|b T3313
|
| 082 |
0 |
0 |
|a 720
|
| 100 |
1 |
|
|a Tafuri, Manfredo.
|9 5388
|
| 240 |
1 |
0 |
|a Progetto e utopia.
|l English
|
| 245 |
1 |
0 |
|a Architecture and utopia :
|b design and capitalist development /
|c Manfredo Tafuri ; translated from the Italian by Barbara Luigia La Penta.
|
| 260 |
|
|
|a Cambridge, Mass. :
|b MIT Press,
|c c1976.
|
| 300 |
|
|
|a xi, 184 p. :
|b ill. ;
|c 19 cm.
|
| 500 |
|
|
|a Translation of Progetto e utopia.
|
| 504 |
|
|
|a Includes bibliographical references.
|
| 526 |
|
|
|a ARC
|
| 541 |
|
|
|e 28209
|
| 650 |
|
0 |
|a Architecture
|x Environmental aspects.
|9 5389
|
| 650 |
|
0 |
|a City planning.
|9 5385
|
| 650 |
|
0 |
|a Form (Aesthetics)
|9 5390
|
| 942 |
|
|
|2 ddc
|c BK
|
| 952 |
|
|
|0 0
|1 0
|2 ddc
|4 0
|6 720_000000000000000_TAF
|7 0
|9 43259
|a BRACUL
|b BRACUL
|c GEN
|d 2014-07-17
|e Karim International
|g 1940.00
|l 2
|m 24
|o 720 TAF
|p 3010028209
|r 2024-09-01
|s 2024-03-03
|t 1
|w 2014-07-17
|y BK
|x Koha Inventory 2020
|